LIBRARY & INFORMATION CENTRE, KCAET, TAVANUR

ONLINE PUBLIC ACCESS CATALOGUE (OPAC)

The Nature and Properties of Soils (Record no. 14466)

MARC details
000 -LEADER
fixed length control field 00339nam a22001457a 4500
020 ## - INTERNATIONAL STANDARD BOOK NUMBER
ISBN 8178086255
082 ## - DEWEY DECIMAL CLASSIFICATION NUMBER
Classification number 631.4
Item number BRA/TH
100 ## - MAIN ENTRY--AUTHOR NAME
Personal name Brady,Nyle C.
100 ## - MAIN ENTRY--AUTHOR NAME
Personal name Well,Ray R.
245 ## - TITLE STATEMENT
Title The Nature and Properties of Soils
250 ## - EDITION STATEMENT
Edition statement 13 th
260 ## - PUBLICATION, DISTRIBUTION, ETC. (IMPRINT)
Place of publication Delhi
Name of publisher Pearson Education
Year of publication 2005
300 ## - PHYSICAL DESCRIPTION
Number of Pages 976
942 ## - ADDED ENTRY ELEMENTS (KOHA)
Koha item type Books
Holdings
Withdrawn status Lost status Damaged status Collection code Home library Current library Shelving location Date acquired Source of acquisition Cost, normal purchase price Full call number Accession Number Koha item type
        KAUAET KAUAET General Stacks 05/07/2016 Aman Book Stall, Calicut 350.00 631.4 BRA/TH 24998 Books
free website counter